000 00395nam a2200181Ia 4500
005 20250603144642.0
008 250603s9999 xx 000 0 und d
020 _a9789350289983
050 _aKN 350 .T3/
100 _aTakwani,C.K.
245 0 _aCivil Procedure
260 _aIndia
260 _bEastern publish.
260 _c2014
300 _a837 p
650 _aIndia
942 _cBK
999 _c39551
_d39551